000 03787cam a22002291 4500
001 45773
090 _a45773
100 _a19981231f18871910m y0pory5003 ba
101 0 _apor
102 _aPT
200 1 _aAlbum de contemporaneos illustres
210 9 _aLisboa
_cEmpreza do Album de Contemporaneos Illustres,
_d1887-[19--?]
215 _aSéries de 45 fasc.
_cil.
_d24 cm
225 _aAlbum de contemporaneos illustres
305 _aPublica—cão em séries de 45 fasc., cada um dos quais dedicado a uma personalidade, no formato de 4 folhas + 1 grav. por fasc. Terão sido publicadas várias séries, repetindo-se algumas personalidades entre elas. A 1<U+00AA> série, possivelmente incompleta, teria os fasc. numerados em romanos, de I a XII; as restantes séries estão numeradas em árabes. Existem fasc. sem numera—cão
327 1 1 _aFasc. I: El-Rei D. Luís I ; Fasc. II: Dr. A. M. Rebelo da Silva ; Fasc. III: Conde de Beirós ; Fasc. IV: Visconde da Casa Branca ; Fasc. V: Cons. José Carlos de Gouveia ; Fasc. VI: Francisco Lopes Serra ; Fasc. VII: Dr. João Inácio Patrocínio da Costa ; Fasc. VIII: Dr. José Joaquim Manso-Preto ; Fasc. IX: Augusto César Morais Sarmento ; Fasc. X: Barão de Teffé ; Fasc. XI: Com. José Constantino ; Fasc. XII: Com. Alfredo José Pires ; Fasc. 1: Joaquim Rodrigues Nogueira ; Fasc. 7: Com. Manuel Marques Leitão ; Fasc. 8: António Manuel de Ansiães Proen—ca [igual a fasc. 45 [2]] ; Fasc. 9: Joaquim de Sousa Morais Faião ; Fasc. 10: Francisco Augusto Martins de Carvalho ; Fasc. 12: Com. António Homem da Costa ; Fasc. 13 [1]: António José de Oliveira Pegado ; Fasc. 13 [2]: Dr. Eduardo Tavares de Melo ; Fasc. 14 [1]: José Alexandre Pinto Júnior ; Fasc. 14 [2]: Visconde de Wren ; Fasc. 15: Visconde de Montalvo ; Fasc. 16 [1]: Contra-Alm. Francisco Teixeira da Silva ; Fasc. 16 [2]: D. Luís Machado Castelo-Branco (Figueira) ; Fasc. 17: João Luís da Rosa ; Fasc. 18: Alfredo Keil ; Fasc. 19: José António Saavedra ; Fasc. 20: Cons. Joaquim Hermetério Luís de Sequeira ; Fasc. 21: Baltasar Pio do Amaral Gourgelt ; Fasc. 22: Visconde de Carvalhais ; Fasc. 23: José Correia de Lemos ; Fasc. 24: Dr. Manuel de Arriaga Nunes ; Fasc. 25: Manuel José Machado Júnior ; Fasc. 26: António José da Silva Gra—ca ; Fasc. 27: António Joaquim Ferreira Gusmão ; Fasc. 28: Conde de S. Bento Manuel josé Ribeiro ; Fasc. 29: Visconde de Leopoldina ; Fasc. 30: Dr. Ernesto Kopke da Fonseca Gouveia ; Fasc. 31: Dr. João António Martins Pereira ; Fasc. 32: Barão de Camocim ; Fasc. 33: Francisco Duarte de Sousa Queirós ; Fasc. 34: Dr. José Raimundo Alves Sobral ; Fasc. 35: António Franco Frazão ; Fasc. 36: Visconde de Morais Cardoso (Fortunato Pinto de Morais Cardoso) ; Fasc. 37: Dr. Honório Álvares de Moura ; Fas. 38: Dr. António A. de Castro Sousa Meneses ; Fasc. 39: Visconde do Peso de Melga—co (Júlio César de Castro Sousa de Meneses e Abreu) ; Fasc. 40: Manuel Pereira Dias ; Fasc. 41: Lino Aguiar ; Fasc. 42 [1]: Dr. António Domingues da Silva ; Fasc. 42 [2]: Visconde de S. Domingos ; Fasc. 43: Alfredo Viana Pinto de Sousa (Vice-Consul de Portugal em Ribeirão Preto) ; Fasc. 44: D. Raimundo Fernandez Villaverde ; Fas. 45 [1]: Dr. José Peixoto de Magalhães e Meneses ; Fasc. 45 [2]: António Manuel de Ansiães Proen—ca [igual a fasc. 8] ; Fasc. s. n.<U+00BA> [1]: Manuel Constantino de Sousa Enes ; Fasc. s. n.<U+00BA> [2]: Jerónimo José Vieira ; Fasc. s. n.<U+00BA> [3]: Padre Silvino de Sousa
518 1 _aÁlbum de contemporâneos ilustres
675 _a929
801 0 _aPT
_bBN
_gRPC
856 4 0 _uhttps://books.google.pt/books?id=dplNAQAAMAAJ&hl=pt-PT&pg=PP7#v=onepage&q&f=false
856 4 0 _uhttps://books.google.pt/books?id=VC9NAQAAMAAJ&hl=pt-PT&pg=PP5#v=onepage&q&f=false
990 _cLIVROS